| 000 | 01342nam a22002777a 4500 | ||
|---|---|---|---|
| 003 | OSt | ||
| 005 | 20250714110853.0 | ||
| 008 | 200909s2010 ck a|||br|||| 001 0dspa d | ||
| 020 | _a9789587580624 | ||
| 040 |
_aCO-JMCR _cCO-JMCR |
||
| 041 | 0 | _aspa | |
| 082 | 0 | 4 |
_223 _aN _bMONa |
| 100 | 1 |
_aMontaña Ibañez, Francisco, _eautor _910018 |
|
| 245 | 1 | 3 |
_aEl amor por las tinieblas / _cFrancisco Montaña Ibañez ; ilustraciones de María Paula Bolaños |
| 250 | _aPrimera edición | ||
| 260 |
_aBogotá : _bAlfaguara, _c2010. |
||
| 300 |
_a[103] páginas _bilustraciones a blanco y negro ; _c20 cm. |
||
| 490 | 1 | _aAlfaguara infantil | |
| 500 | _aDatos biográficos del autor en página 103. | ||
| 520 | 0 | _aPopayán, finales del siglo XVIII. El hijo de un humilde campesino conoce a un señor de mirada intensa pero bondadosa en un mercado. Ese hombre es ni más ni menos que el sabio Francisco José de Caldas, que anda en busca de un asistente personal para su trabajo científico. Caldas decide que es precisamente el, ese niño, el elegido, aunque no sepa leer ni escribir. | |
| 521 |
_aDesde 10 años _bTapa posterior. |
||
| 650 | 2 | 4 |
_aNovela infantil colombiana _ySiglo XXI _910019 |
| 650 | 2 | 4 |
_aCaldas, Francisco José de, _y1768-1816 _xNovela _910020 |
| 700 | 1 |
_aBolaños, María Paula, _eilustradora _910021 |
|
| 942 |
_2ddc _cBK |
||
| 999 |
_c6833 _d6833 |
||